| 000 | 00671nam a2200241 a 4500 | ||
|---|---|---|---|
| 001 | 60764 | ||
| 003 | BD-RJUL | ||
| 005 | 20211209080859.0 | ||
| 008 | 170102s1994 enk 001 0 eng d | ||
| 020 | _a1858050790 | ||
| 035 | _a(BD-RJUL)60888 | ||
| 040 | _dBD-RJUL | ||
| 082 |
_a658.15 _223 _bUND 1994 |
||
| 245 | 0 | 0 |
_aUnderstanding business and finance / _cJill Hussey [et...] |
| 250 | _a2nd ed | ||
| 260 |
_aLondon : _bDP Publications, _c1994 |
||
| 300 |
_avii, 382 p. : _bill. ; _c28 cm. |
||
| 500 | _aIncludes index | ||
| 650 | 0 |
_aCorporations _xFinance. _9175109 |
|
| 650 | 0 |
_aBusiness _2Management _9175150 |
|
| 700 | 1 |
_aHussey, Jill _9181047 |
|
| 942 |
_2ddc _cBK |
||
| 999 |
_c60764 _d60764 |
||